Visualizzazione normale
Vista MARC
- Rolling Stones (The)
di Personal Name
Records bibliografici associati: 1
001 - CONTROL NUMBER
- control field: 19232
003 - CONTROL NUMBER IDENTIFIER
- control field: IT-RoPau
005 - DATE AND TIME OF LATEST TRANSACTION
- control field: 20140407160323.0
008 - FIXED-LENGTH DATA ELEMENTS
- fixed length control field: 140407|| aca||aabn | a|a d
040 ## - CATALOGING SOURCE
- Original cataloging agency: IT-RoPau
- Transcribing agency: IT-RoPau
100 ## - HEADING--PERSONAL NAME
- Personal name: Rolling Stones (The)
- Miscellaneous information: Codice interprete SPICS: 11123
- Relator term: Interprete
670 ## - SOURCE DATA FOUND
- Source citation: Work cat.: (IT-RoPau)99151: Jagger Mick 16608, Sticky Fingers